| 000 | 00557nam a22001817a 4500 | ||
|---|---|---|---|
| 003 | SISC | ||
| 005 | 20160922164109.0 | ||
| 008 | 160922b xxu||||| |||| 00| 0 eng d | ||
| 020 | _a9781259060724 | ||
| 050 |
_aRC 454 _b.N791 2014 |
||
| 100 | _aNolen-Hoeksema, Susan. | ||
| 245 |
_aAbnormal psychology / _cSusan Nolen-Hoeksema. |
||
| 260 |
_aNY : _bMcGraw Hill, _c2014. |
||
| 300 |
_axxvii, 485 pages : _billustrations ; _c28 cm. |
||
| 500 | _aIncludes glossary, bibliographical references and index. | ||
| 650 | _aAbnormal psychology. | ||
| 942 |
_2lcc _cBK |
||
| 999 |
_c305112 _d305112 |
||